000 00505nam#a2200205#c#4500
003 IEF
005 20180219163930.0
008 950601s1987 uuu####fr####| 0||u| |u
040 _aIEF
245 _aSupplementary Information Relating to Tax Reform Measures
260 _c1987
300 _a68 p. ; gráf.
_c gráf. ; 27 cm.
490 _aTax Reform 1987
650 4 _aCANADA
_933508
650 4 _aIMPUESTOS
_947460
650 4 _aREFORMA
_910750
942 _cLIB
942 _z64344
999 _c85046
_d85046